| 000 -LEADER |
| fixed length control field |
00752pam a2200241 a 4500 |
| 001 - CONTROL NUMBER |
| control field |
4502382 |
| 003 - CONTROL NUMBER IDENTIFIER |
| control field |
OSt |
| 005 - DATE AND TIME OF LATEST TRANSACTION |
| control field |
20220808084428.0 |
| 008 - FIXED-LENGTH DATA ELEMENTS--GENERAL INFORMATION |
| fixed length control field |
081021s2009 xnaa 001 0 eng |
| 020 ## - INTERNATIONAL STANDARD BOOK NUMBER |
| International Standard Book Number |
9781921569050 (hbk.) |
| 037 ## - SOURCE OF ACQUISITION |
| Source of stock number/acquisition |
Reader's Digest, 80 Bay St, Ultimo NSW 2007 |
| 040 ## - CATALOGING SOURCE |
| Original cataloging agency |
ANL |
| Language of cataloging |
eng |
| Modifying agency |
ANL |
| Transcribing agency |
KH8 |
| 042 ## - AUTHENTICATION CODE |
| Authentication code |
anuc |
| 082 04 - DEWEY DECIMAL CLASSIFICATION NUMBER |
| Classification number |
613.2 FOO |
| Edition number |
22 |
| 245 00 - TITLE STATEMENT |
| Title |
Food cures : |
| Remainder of title |
breakthrough nutritional prescriptions for everything from colds to cancer. |
| 260 ## - PUBLICATION, DISTRIBUTION, ETC. |
| Place of publication, distribution, etc. |
Ultimo, N.S.W. : |
| Name of publisher, distributor, etc. |
Reader's Digest (Australi), |
| Date of publication, distribution, etc. |
2009. |
| 300 ## - PHYSICAL DESCRIPTION |
| Extent |
351 p. : |
| Other physical details |
col. ill. ; |
| Dimensions |
27 cm. |
| 500 ## - GENERAL NOTE |
| General note |
Includes index. |
| 650 #0 - SUBJECT ADDED ENTRY--TOPICAL TERM |
| Topical term or geographic name entry element |
Nutrition |
| Form subdivision |
Popular works. |
| 650 #0 - SUBJECT ADDED ENTRY--TOPICAL TERM |
| Topical term or geographic name entry element |
Diet therapy |
| Form subdivision |
Popular works. |
| 710 ## - ADDED ENTRY--CORPORATE NAME |
| Corporate name or jurisdiction name as entry element |
Reader's Digest |
| 942 ## - ADDED ENTRY ELEMENTS (KOHA) |
| Source of classification or shelving scheme |
|
| Koha item type |
Books - Non Ficton |